空母を見分けろ!【サドンデス】 - Statistics

General Stats
  • This quiz has been taken 23 times
  • The average score is 4 of 10
Answers on the Grid
Answers color-coded by a green-red scale on the quiz's grid according to % correct below.
 
Answer Stats
Answer % Correct
イタリア海軍 航空母艦
「カヴール」
60%
インド海軍 空母
旧ソ連海軍 重航空巡洋艦「バクー」
「ヴィクラマーディティヤ」
60%
インド海軍 航空母艦
「ヴィクラント」
60%
アメリカ海軍 ニミッツ級航空母艦
「セオドア・ルーズベルト」
60%
中国人民解放軍海軍 002型航空母艦
「山東」
60%
旧イギリス海軍 ヘリ空母
「オーシャン」
現ブラジル海軍 ヘリ空母
「アトランティコ」
40%
フランス海軍 クレマンソー級航空母艦
「フォッシュ」
40%
イラン海軍 改装空母
「マカラン」
20%
フランス海軍 シャルル・ド・ゴール級航空母艦
「シャルル・ド・ゴール」
20%
イギリス海軍 インヴィシブル級対潜空母
「イラストリアス」
20%
No matching quizzes found
Score Distribution
Percent of People with Each Score
Percentile by Number Answered
Your Score History
You have not taken this quiz